Statistics for Top 10 footballers with the most red cards

Click here to take the quiz!

General Stats

  • This quiz has been taken 56 times
  • The average score is 1 of 10

Answer Stats

number of redsAnswer% Correct
28Sergio Ramos
100%
20Felipe Melo
9%
21Paulo Montero
4%
18Gary Medal
2%
22Alexis Delgado
0%
27Cyril Rool
0%
19Fernando Amorebieta
0%
46Gerardo Bedoya
0%
20Matteo Contini
0%
21Rafeal Marquez
0%

Score Distribution

Percentile by Number Answered

Percent of People with Each Score

Your Score History

You have not taken this quiz